Villes de France - Statistiques

Statistiques générales
  • Ce quiz a été pris 101 fois
  • Le résultat moyen est 9 sur 14
Statistiques - réponses
Par images Réponse % Correct
Marseille
99%
Paris
99%
Lyon
92%
Lille
84%
Strasbourg
77%
La rochelle
74%
Reims
68%
Nantes
66%
Versailles
54%
Annecy
47%
Clermont Ferrand
39%
Brest
33%
Carcassonne
31%
Limoges
29%
Aucun quiz correspondant
Distribution des résultats
% des personnes avec chaque résultat
Percentile par nombre de réponses
Votre historique - résultats
Vous n’avez pas pris ce quiz